| 000 | 005770000a22001810004500 | ||
|---|---|---|---|
| 090 |
_aAR _b03244 |
||
| 245 | 1 | 0 | _aCoping with asymmetries in the commons: self-governing irrigation systems can work |
| 650 | 1 | 4 |
_aRegímenes de propiedad _996819 |
| 650 | 1 | 4 |
_aPropiedad común _996805 |
| 650 | 1 | 4 |
_aEconomía _993484 |
| 650 | 1 | 4 |
_aInequidad _996799 |
| 650 | 1 | 4 |
_aPolíticas económicas _910940 |
| 041 | 0 | _aInglés | |
| 700 | 1 |
_aGardner, Roy _996821 |
|
| 100 | 1 |
_aOstrom, Elinor _921771 |
|
| 942 | _cARTICULO | ||
| 773 | 1 |
_tJournal of Economic Perspectives _31431 _h4 _q93-112 _d1993 _g7 |
|
| 999 |
_c12298 _d12298 |
||